Recursos no novo Cd̤igo de Processo Civil

Bibliographic Details
Main Author: Naif Caluri, Lucas
Format: Book
Language:Portuguese
Published: Brasil LTR Editora 2015
Subjects:
Online Access:Acceso restringido

MARC

LEADER 00000nam a22000007a 4500
005 20160111094519.0
007 cr|||| ||u|
008 160111s2015 bl ||||| |||| 00||0 por d
020 |a 978-85-361-8535-4 
035 |a 13003 
040 |a vLex 
090 |c 5772  |d 5772 
100 1 |a Naif Caluri, Lucas 
245 1 0 |a Recursos no novo Cd̤igo de Processo Civil  |h [Recurso electrn̤ico] /  |c Lucas Naif Caluri  
256 |a Servicio en ln̕ea  
260 |a Brasil  |b LTR Editora  |c 2015 
300 |a 1 recurso electrn̤ico  
506 1 |a Contenido solo disponible en los productos indicados  |d vLex Global  |d vLex Global (Academic Edition, excluding Law Schools)  |d vLex Global (U.S. Academic Edition, Law Schools)  |d vLex Global (U.S. Academic Edition, excluding Law Schools)  |d vLex Global (Academic Edition, Law Schools) 
650 0 4 |a Derecho Civil  |z Sô Paulo 
740 0 |a vLex libros (servicio en ln̕ea) 
856 4 0 |u http://vlex.com/source/recursos-novo-codigo-processo-civil-13003  |z Acceso restringido 
942 |c BOOK 
999 0 |a Civil law